Corresponding Haupstadt Quiz - Statistiken

Allgemein
  • Dieses Quiz wurde 885 mal gespielt
    82 seit der letzten Aktualisierung
  • Das Durchschnittsergebnis liegt bei 92 aus 197
Antwortstatistiken
Hint Antwort % Korrekt
Vereinigtes Königreich London
98%
Norwegen Oslo
98%
Frankreich Paris
98%
Niederlande Amsterdam
97%
Luxemburg Luxemburg
97%
Monaco Monaco
97%
Deutschland Berlin
95%
Belgien Brüssel
95%
Finnland Helsinki
95%
Dänemark Kopenhagen
95%
Polen Warschau
95%
Irland Dublin
94%
Schweden Stockholm
94%
Portugal Lissabon
92%
Spanien Madrid
92%
Österreich Wien
92%
Schweiz Bern
91%
Italien Rom
89%
Russland Moskau
88%
Tschechien Prag
88%
Ukraine Kiew
86%
San Marino San Marino
86%
Ungarn Budapest
85%
Vatikanstadt Vatikanstadt
85%
Griechenland Athen
83%
Island Reykjavík
83%
Liechtenstein Vaduz
80%
Türkei Ankara
77%
Slowakei Bratislava
77%
Rumänien Bukarest
77%
Weißrussland Minsk
77%
Bulgarien Sofia
77%
Lettland Riga
75%
Kroatien Zagreb
74%
Andorra Andorra la Vella
72%
Japan Tokio
72%
Israel Jerusalem
71%
Südkorea Seoul
69%
Albanien Tirana
69%
Serbien Belgrad
68%
Mexiko Mexiko-Stadt
68%
Litauen Vilnius
68%
China Peking
66%
Singapur Singapur
66%
Estland Tallinn
66%
Vereinigte Staaten Washington DC
66%
Zypern Nikosia
65%
Bosnien und Herzegowina Sarajevo
65%
Malta Valletta
65%
Slowenien Ljubljana
63%
Kanada Ottawa
63%
Vereinigte Arabische Emirate Abu Dhabi
62%
Thailand Bangkok
62%
Brasilien Brasilia
62%
Kuba Havanna
62%
Ägypten Kairo
62%
Argentinien Buenos Aires
60%
Kosovo Priština
60%
Australien Canberra
58%
Indien Neu-Delhi
58%
Panama Panama-Stadt
58%
Mazedonien Skopje
58%
Georgien Tiflis
58%
Tunesien Tunis
58%
Irak Bagdad
57%
Aserbaidschan Baku
57%
Libanon Beirut
57%
Peru Lima
57%
Uruguay Montevideo
57%
Saudi-Arabien Riad
57%
Moldawien Chisinau
55%
Katar Doha
55%
Vietnam Hanoi
55%
Afghanistan Kabul
54%
Kuwait Kuwait-Stadt
54%
Philippinen Manila
54%
Nordkorea Pjöngjang
54%
Chile Santiago de Chile
54%
Iran Teheran
54%
Algerien Algier
52%
Syrien Damaskus
52%
Malediven Male
52%
El Salvador San Salvador
52%
Neuseeland Wellington
52%
Pakistan Islamabad
51%
Indonesien Jakarta
51%
Jamaika Kingston
51%
Malaysia Kuala Lumpur
51%
Montenegro Podgorica
51%
Marokko Rabat
49%
Taiwan Taipeh
49%
Kolumbien Bogotá
48%
Venezuela Caracas
48%
Guatemala Guatemala-Stadt
46%
Kenia Nairobi
46%
Ecuador Quito
46%
Kasachstan Astana
45%
Armenien Eriwan
45%
Jordanien Amman
43%
Oman Maskat
43%
Haiti Port-au-Prince
43%
Jemen Sanaa
43%
Nepal Kathmandu
42%
Bahamas Nassau
42%
Costa Rica San José
42%
Usbekistan Taschkent
42%
Bahrain Manama
40%
Bolivien Sucre La Paz
40%
Äthiopien Addis Abeba
38%
Paraguay Asunción
38%
Bangladesch Dhaka
38%
Dschibuti Dschibuti
38%
Nicaragua Managua
38%
Dominikanische Republik Santo Domingo
38%
Honduras Tegucigalpa
38%
Belize Belmopan
35%
Tadschikistan Duschanbe
35%
Somalia Mogadischu
35%
Südafrika Pretoria
35%
Libyen Tripolis
35%
Kirgisistan Bischkek
34%
Osttimor Dili
34%
Mongolei Ulan-Bator
32%
Sri Lanka Colombo
31%
Guyana Georgetown
31%
Demokratische Republik Kongo Kinshasa
31%
Trinidad und Tobago Port-of-Spain
31%
Namibia Windhoek
31%
Madagaskar Antananarivo
29%
Suriname Paramaribo
29%
Kambodscha Phnom Penh
29%
Laos Vientiane
29%
Republik Kongo Brazzaville
28%
Barbados Bridgetown
28%
Senegal Dakar
28%
Papua-Neuguinea Port Moresby
28%
Nigeria Abuja
26%
Ghana Accra
26%
Turkmenistan Aşgabat
26%
Eritrea Asmara
26%
Guinea-Bissau Bissau
26%
St. Lucia Castries
26%
Uganda Kampala
26%
Dominica Roseau
26%
São Tomé und Príncipe São Tomé
26%
Brunei Bandar Seri Begawan
25%
Bhutan Thimphu
25%
Mali Bamako
23%
St. Kitts und Nevis Basseterre
23%
Sudan Khartum
23%
Ruanda Kigali
23%
Angola Luanda
23%
Mosambik Maputo
23%
Samoa Apia
22%
Tansania Dodoma
22%
St. Vincent und die Grenadinen Kingstown
22%
Malawi Lilongwe
22%
Togo Lomé
22%
Burkina Faso Ouagadougou
22%
Fidschi Suva
22%
Sierra Leone Freetown
20%
Simbabwe Harare
20%
Südsudan Juba
20%
Lesotho Maseru
20%
Tschad N'Djamena
20%
Niger Niamey
20%
Kiribati South Tarawa
20%
Tuvalu Funafuti
18%
Kamerun Jaunde
18%
Eswatini Mbabane
18%
Liberia Monrovia
18%
Antigua und Barbuda St. John's
18%
Zentralafrikanische Republik Bangui
17%
Burundi Gitega
17%
Sambia Lusaka
17%
Mauritius Port Louis
17%
Vanuatu Port Vila
17%
Kap Verde Praia
17%
Seychellen Victoria
17%
Nauru Yaren
17%
Botswana Gaborone
15%
Marshallinseln Majuro
15%
Myanmar Naypyidaw
15%
Mauretanien Nouakchott
15%
Tonga Nuku'alofa
15%
Benin Porto Novo
15%
Grenada St. George’s
15%
Gabun Libreville
14%
Komoren Moroni
14%
Mikronesien Palikir
14%
Gambia Banjul
12%
Salomonen Honiara
12%
Palau Ngerulmud
12%
Elfenbeinküste Yamoussoukro
12%
Guinea Conakry
11%
Äquatorial-Guinea Malabo
9%
Palästina Ost-Jerusalem
9%
Keine übereinstimmenden Quizze gefunden
Verteilung der Resultate
Anzahl Personen mit jedem Resultat
Perzentil nach korrekt beantworteten Fragen
Ihre Resultats-Entwicklung
Sie haben dieses Quiz seit der letzten Aktualisierung nicht gespielt